000 00506nam a22001817a 4500
005 20251108165324.0
008 250721s1980 xx 000 0 ara d
082 1 4 _a634.9/لطي
100 1 _aالنجار، لطيف حاجي حسن
245 1 0 _aإستثمار منتجات الغابات /
264 1 _aالموصل :
_bجامعة الموصل،
_c1980.
300 _a192ص
650 1 7 _aالغابات
650 1 7 _aالتحريج
650 1 7 _aالخشب
942 _2ddc
_cBK
999 _c25067
_d25067